00000000nas 2200000za 4500
0019.846024
003CaOODSP
00520221107153112
007cr |||||||||||
008171024d19711973oncar p oss  f0###a0eng|d
040 |aCaOODSP|beng
041 |aeng|afre
043 |an-cn---
0861 |aR31-26-PDF
24500|aRegistered Indian membership by band and residence distributed by agency or district within regions |h[electronic resource] / |cDepartmental Statistical Division, Dept. of Indian Affairs and Northern Development.
24631|aEffectifs des Indiennes inscrits selon la bande et le genre d'habitation groupés par agence ou district d'après les régions|f1972-1973
260 |a[Ottawa] : |bDept. of Indian Affairs and Northern Development, |c1971-1974.
310 |aAnnual
3621 |aBegan with 1970; ceased with 1973.
500 |aDigitized edition from print [produced by Indigenous and Northern Affairs Canada].
546 |aText in English only, 1971-1972; text in English and French, 1972-1973.
69207|2gccst|aIndians
69207|2gccst|aDemographic statistics
7101 |aCanada. |bIndian and Northern Affairs Canada.
78500|tRegistered Indian population by sex and residence for bands, responsibility centres, regions and Canada, December 31 ... |w(CaOODSP)9.836158
792 |tRegistered Indian membership by band and residence distributed by agency or district within regions |efre|w(CaOODSP)9.846405